[Event "Porto op"]
[Site "Porto POR"]
[Date "2015.07.13"]
[Round "1"]
[White "Abrahams, Daniel"]
[Black "Spraggett, Kevin"]
[Result "0-1"]
[WhiteElo "2080"]
[BlackElo "2542"]
[PlyCount "270"]
[EventDate "2015.07.13"]
[EventType "swiss"]
[EventRounds "9"]
[EventCountry "POR"]
[Source "Chessbase"]
[SourceDate "2015.07.24"]

1. e4 c5 2. Nf3 e6 3. Qe2 Be7 4. g3 d5 5. d3 Nc6 6. Bg2 Nf6 7. O-O h6 8. e5 Nd7
9. c4 d4 10. h4 Qc7 11. Re1 b6 12. a3 Bb7 13. Bd2 a6 14. b4 cxb4 15. axb4 Bxb4
16. Bxb4 Nxb4 17. Nxd4 Nc5 18. Nc3 Bxg2 19. Ncb5 axb5 20. Nxb5 Qd7 21. Nd6+ Ke7
22. Kxg2 Nbxd3 23. Red1 Rxa1 24. Rxa1 Ra8 25. Rd1 Qc6+ 26. Kh2 g6 27. Rxd3 Nxd3
28. Qxd3 Ra1 29. Ne4 Qc7 30. Qc3 Ra4 31. Nd6 Ra5 32. f4 Qc6 33. Qb4 Ra2+ 34.
Kh3 Kf8 35. Nf5+ Qc5 36. Qxc5+ bxc5 37. Nd6 h5 38. Nb7 Rc2 39. Nxc5 Rxc4 40.
Nd7+ Ke7 41. Nf6 Rc2 42. Ne4 Re2 43. Nf6 Kd8 44. Nh7 Ra2 45. Ng5 Ke7 46. Ne4
Rc2 47. Nf6 Kd8 48. Ne4 Rc7 49. Kg2 Kd7 50. Kf3 Ra7 51. Ng5 Kc6 52. Ne4 Kd5 53.
Ng5 Kd4 54. Kf2 Kd3 55. Kf3 Kd2 56. Kf2 Kd1 57. Kf1 Kd2 58. Kf2 Rc7 59. Ne4+
Kd3 60. Ng5 Kd4 61. Kf3 Kd5 62. Kf2 Kc6 63. Kf3 Rd7 64. Kf2 Kc7 65. Kf3 Kd8 66.
Ne4 Rd3+ 67. Kf2 Ke7 68. Nf6 Rd8 69. Kf3 Rf8 70. Kf2 Rh8 71. Kf3 Kd8 72. Ne4
Kd7 73. Nf6+ Ke7 74. Kf2 Ra8 75. Kf3 Ra3+ 76. Kf2 Rb3 77. Ne4 f5 78. Ng5 Kd7
79. Kg2 Rb8 80. Kf3 Re8 81. Ke3 Kc6 82. Kd4 Re7 83. Ke3 Kd5 84. Kd3 Ra7 85. Ke3
Ra6 86. Nh7 Ra3+ 87. Kf2 Rb3 88. Ng5 Rc3 89. Nh7 Rc6 90. Ke3 Ra6 91. Nf6+ Kc4
92. Nh7 Ra3+ 93. Kf2 Kd4 94. Ng5 Kd5 95. Nh7 Ra7 96. Ng5 Re7 97. Ke3 Kc4 98.
Nf3 Rd7 99. Ng5 Rd3+ 100. Kf2 Kd5 101. Nh7 Ra3 102. Ng5 Rb3 103. Nh7 Kd4 104.
Ng5 Rb6 105. Kf3 Kd3 106. Kf2 Kd2 107. Nf3+ Kd1 108. Ng5 Rc6 109. Nf3 Rc2+ 110.
Kf1 Rc3 111. Kf2 Rxf3+ 112. Kxf3 Ke1 113. Ke3 Kf1 114. Kd4 Kf2 115. Kc5 Kxg3
116. Kd6 Kxf4 117. Kxe6 Kg4 118. Kd5 f4 119. e6 f3 120. e7 f2 121. e8=Q f1=Q
122. Qxg6+ Kxh4 123. Qe4+ Kg5 124. Qe7+ Kg4 125. Qg7+ Kh3 126. Qc3+ Kg2 127.
Ke4 h4 128. Qg7+ Kh1 129. Qh6 h3 130. Qh5 h2 131. Qc5 Qe2+ 132. Kf4 Kg2 133.
Qc6+ Kg1 134. Kg3 Qf2+ 135. Kg4 Qg2+ 0-1

[Event "Porto op"]
[Site "Porto POR"]
[Date "2015.07.14"]
[Round "2"]
[White "Spraggett, Kevin"]
[Black "Hinojar Basa, Alfonso"]
[Result "1-0"]
[WhiteElo "2542"]
[BlackElo "2208"]
[PlyCount "87"]
[EventDate "2015.07.13"]
[EventType "swiss"]
[EventRounds "9"]
[EventCountry "POR"]
[Source "Chessbase"]
[SourceDate "2015.07.24"]

1. c4 e6 2. Nf3 Nf6 3. Nc3 d5 4. d4 Be7 5. g3 O-O 6. Bg2 dxc4 7. O-O Nd5 8. e4
Nb6 9. Qe2 N8d7 10. Bf4 c6 11. Rfd1 Nf6 12. Nd2 Bd7 13. Nxc4 Nxc4 14. Qxc4 Qa5
15. Qe2 Rfe8 16. a3 b5 17. b4 Qb6 18. g4 h6 19. Be3 Qb7 20. h3 a5 21. Rab1 axb4
22. axb4 Ra3 23. Rdc1 Rea8 24. f4 Ne8 25. g5 hxg5 26. fxg5 Nd6 27. h4 Nc4 28.
e5 Qc8 29. Bf2 Qf8 30. Ne4 Ra2 31. Qg4 R8a4 32. Nc3 Rxf2 33. Kxf2 Ra3 34. Bf1
Nd2 35. Rb2 Bxb4 36. Rxd2 Bxc3 37. Rd3 b4 38. Rcd1 Qc8 39. Kg3 c5 40. dxc5
Bxe5+ 41. Kh3 Qa8 42. Bg2 Bc6 43. Bxc6 Qxc6 44. Rxa3 1-0

[Event "Porto op"]
[Site "Porto POR"]
[Date "2015.07.14"]
[Round "3"]
[White "Valles, Manuel"]
[Black "Spraggett, Kevin"]
[Result "1/2-1/2"]
[WhiteElo "2350"]
[BlackElo "2542"]
[PlyCount "20"]
[EventDate "2015.07.13"]
[EventType "swiss"]
[EventRounds "9"]
[EventCountry "POR"]
[Source "Chessbase"]
[SourceDate "2015.07.24"]

1. d4 Nf6 2. c4 e6 3. Nc3 Bb4 4. e3 O-O 5. Bd3 d5 6. Nge2 dxc4 7. Bxc4 c5 8. a3
Bxc3+ 9. Nxc3 cxd4 10. exd4 Nc6 1/2-1/2

[Event "Porto op"]
[Site "Porto POR"]
[Date "2015.07.15"]
[Round "4"]
[White "Spraggett, Kevin"]
[Black "Nunes, Fernando"]
[Result "1-0"]
[WhiteElo "2542"]
[BlackElo "1828"]
[PlyCount "59"]
[EventDate "2015.07.13"]
[EventType "swiss"]
[EventRounds "9"]
[EventCountry "POR"]
[Source "Chessbase"]
[SourceDate "2015.07.24"]

1. c4 g6 2. Nc3 Bg7 3. g3 e5 4. Bg2 Nc6 5. e3 Nge7 6. Nge2 d6 7. d3 O-O 8. Rb1
Be6 9. Nd5 Bxd5 10. cxd5 Nb8 11. O-O c5 12. b4 Nd7 13. bxc5 Nxc5 14. Ba3 b6 15.
d4 exd4 16. Nxd4 Rb8 17. Nc6 Nxc6 18. dxc6 Re8 19. Qc2 Rc8 20. Rfd1 Qe7 21.
Bxc5 bxc5 22. Rb7 Rc7 23. Rdb1 Rec8 24. Bd5 Qe8 25. Qc4 h5 26. Rxc7 Rxc7 27.
Rb7 Qe7 28. Bxf7+ Kh7 29. Rxc7 Qxc7 30. Qe6 1-0

[Event "Porto op"]
[Site "Porto POR"]
[Date "2015.07.16"]
[Round "5"]
[White "Fernandez, Michael"]
[Black "Spraggett, Kevin"]
[Result "0-1"]
[WhiteElo "2249"]
[BlackElo "2542"]
[PlyCount "113"]
[EventDate "2015.07.13"]
[EventType "swiss"]
[EventRounds "9"]
[EventCountry "POR"]
[Source "Chessbase"]
[SourceDate "2015.07.24"]

1. c4 Nf6 2. Nc3 c5 3. g3 e6 4. Nf3 a6 5. Bg2 Qc7 6. d3 d6 7. a3 Nbd7 8. b4 Be7
9. O-O O-O 10. bxc5 Nxc5 11. Bf4 Ncd7 12. Qb3 h6 13. d4 e5 14. Be3 Re8 15. Rac1
exd4 16. Nxd4 Bf8 17. Bd2 Qc5 18. Nc2 Qh5 19. Ne3 Nc5 20. Qc2 Ng4 21. Nxg4 Bxg4
22. e4 Bf3 23. Be3 Nxe4 24. Nd5 Bxg2 25. Kxg2 Rac8 26. Qb3 b5 27. cxb5 axb5 28.
Qxb5 Nc5 29. Nf4 Qf5 30. Bxc5 dxc5 31. Qd3 Re4 32. Qc2 Qe5 33. Nd3 Qe8 34. Rfe1
c4 35. Qd2 Rxe1 36. Nxe1 Bxa3 37. Rc2 Qe4+ 38. f3 Qe7 39. Qe2 Qc5 40. Nd3 Qd4
41. Nf2 Bb4 42. Qd1 Qc5 43. Ne4 Qe5 44. Qd7 Rc7 45. Qa4 Qe7 46. Qb5 c3 47. Qf5
Qd7 48. Qf4 Rc8 49. Nf6+ gxf6 50. Qxb4 Qd3 51. Qg4+ Kh7 52. Qa4 Rb8 53. Rf2 Rb2
54. Qa7 Rxf2+ 55. Kxf2 Qd2+ 56. Kg1 Kg7 57. Qa3 0-1

[Event "Porto op"]
[Site "Porto POR"]
[Date "2015.07.16"]
[Round "6"]
[White "Spraggett, Kevin"]
[Black "Kuzmicz, Krystian"]
[Result "1/2-1/2"]
[WhiteElo "2542"]
[BlackElo "2475"]
[PlyCount "42"]
[EventDate "2015.07.13"]
[EventType "swiss"]
[EventRounds "9"]
[EventCountry "POR"]
[Source "Chessbase"]
[SourceDate "2015.07.24"]

1. e4 g6 2. d4 Bg7 3. Nc3 c6 4. h3 d5 5. Nf3 Nf6 6. e5 Ne4 7. Nxe4 dxe4 8. Ng5
c5 9. d5 Bxe5 10. Nxe4 O-O 11. c3 Nd7 12. Bh6 Re8 13. Be2 Nf6 14. Nxf6+ Bxf6
15. O-O Qb6 16. Qc1 e6 17. dxe6 Bxe6 18. Be3 Bd5 19. Rd1 Rad8 20. Bf1 Qc6 21.
Bg5 Re5 1/2-1/2

[Event "Porto op"]
[Site "Porto POR"]
[Date "2015.07.17"]
[Round "7"]
[White "Ider, Borya"]
[Black "Spraggett, Kevin"]
[Result "0-1"]
[WhiteElo "2414"]
[BlackElo "2542"]
[PlyCount "84"]
[EventDate "2015.07.13"]
[EventType "swiss"]
[EventRounds "9"]
[EventCountry "POR"]
[Source "Chessbase"]
[SourceDate "2015.07.24"]

1. Nf3 Nf6 2. g3 c5 3. Bg2 d6 4. d4 cxd4 5. Nxd4 e6 6. O-O a6 7. c4 Qc7 8. b3
Be7 9. Bb2 Bd7 10. Nc3 Nc6 11. Rc1 Nxd4 12. Qxd4 O-O 13. Rfd1 Rfd8 14. Qe3 Be8
15. Ne4 Nxe4 16. Bxe4 Bc6 17. Rd5 Bf8 18. Rh5 Bxe4 19. Qxe4 h6 20. Qg4 Kh7 21.
Qe4+ Kg8 22. g4 e5 23. Rh3 Qc6 24. Qd5 Rac8 25. Rd3 Qd7 26. Qf3 b5 27. Bxe5
bxc4 28. Rxc4 Rxc4 29. bxc4 Qe6 30. Bd4 Qxc4 31. Qf5 Rb8 32. Rf3 Qxa2 33. h4
Rb5 34. Qd7 Qd5 35. Kh2 Rb7 36. Qc8 Rb4 37. Bc3 Rc4 38. Qd7 h5 39. Bxg7 Bxg7
40. Qe8+ Kh7 41. Qxf7 Qe5+ 42. Kh1 Rxg4 0-1

[Event "Porto op"]
[Site "Porto POR"]
[Date "2015.07.18"]
[Round "8"]
[White "Spraggett, Kevin"]
[Black "Viterbo Ferreira, Jorge Joao"]
[Result "1/2-1/2"]
[WhiteElo "2542"]
[BlackElo "2436"]
[PlyCount "71"]
[EventDate "2015.07.13"]
[EventType "swiss"]
[EventRounds "9"]
[EventCountry "POR"]
[Source "Chessbase"]
[SourceDate "2015.07.24"]

1. c4 g6 2. Nc3 Bg7 3. d4 d6 4. e4 e5 5. d5 Nd7 6. Bd3 Ngf6 7. Nge2 Nc5 8. Bc2
a5 9. h3 c6 10. Bg5 h6 11. Be3 cxd5 12. exd5 Bd7 13. O-O O-O 14. Rc1 Nh7 15.
Qd2 Ng5 16. f3 Re8 17. Rce1 Rc8 18. b3 f5 19. a4 f4 20. Bxc5 Rxc5 21. h4 Nf7
22. Bxg6 Rc8 23. Ne4 Rf8 24. Qd3 Qxh4 25. N2c3 Ng5 26. Rf2 Nxe4 27. Nxe4 Qe7
28. Kf1 Bf6 29. Nxf6+ Rxf6 30. Ke2 Rcf8 31. Kd2 Qg7 32. Be4 Bf5 33. Rh1 Bxe4
34. Qxe4 Rg6 35. Rh2 Rg5 36. Re2 1/2-1/2

[Event "Porto op"]
[Site "Porto POR"]
[Date "2015.07.19"]
[Round "9"]
[White "Kunin, Vitaly"]
[Black "Spraggett, Kevin"]
[Result "1/2-1/2"]
[WhiteElo "2576"]
[BlackElo "2542"]
[PlyCount "80"]
[EventDate "2015.07.13"]
[EventType "swiss"]
[EventRounds "9"]
[EventCountry "POR"]
[Source "Chessbase"]
[SourceDate "2015.07.24"]

1. d4 Nf6 2. c4 e6 3. g3 c5 4. d5 exd5 5. cxd5 d6 6. a4 g6 7. Ra3 Bg7 8. Re3+
Kf8 9. Ra3 h6 10. Bg2 Kg8 11. Nf3 Kh7 12. O-O Re8 13. Nc3 a6 14. h3 Nbd7 15. a5
b5 16. axb6 Nxb6 17. e4 Nfd7 18. Qc2 Rb8 19. Bf4 Nc4 20. Rb3 Rxb3 21. Qxb3 Nde5
22. Nxe5 Nxe5 23. Be3 Re7 24. Qc2 Rb7 25. Bc1 Qb6 26. Qe2 c4 27. Nd1 Nd3 28.
Bd2 Qc5 29. Bc3 Bxc3 30. bxc3 a5 31. Qa2 Bd7 32. Ne3 Rb3 33. h4 a4 34. h5 a3
35. hxg6+ fxg6 36. Kh2 Kg7 37. Nd1 Rb7 38. Ne3 Rb3 39. Nd1 Nc1 40. Qa1 Nd3
1/2-1/2

[Event "Gibraltar Tradewise op-A"]
[Site "Gibraltar ENG"]
[Date "2015.01.30"]
[Round "4.15"]
[White "Naroditsky, Daniel"]
[Black "Spraggett, Kevin"]
[Result "1/2-1/2"]
[WhiteElo "2622"]
[BlackElo "2538"]
[PlyCount "63"]
[EventDate "2015.01.27"]
[EventType "swiss"]
[EventRounds "10"]
[EventCountry "ENG"]
[Source "Chess Mix"]
[TimeControl "6600+25135"]

1. e4 d6 2. d4 Nf6 3. Nc3 g6 4. Nf3 Bg7 5. Be2 O-O 6. O-O c6 7. h3 Nbd7 8. Bf4
Qa5 9. Nd2 Qc7 10. a4 e5 11. dxe5 dxe5 12. Be3 Rd8 13. Qc1 Nf8 14. Nc4 Ne6 15.
Rd1 Nd4 16. Bf1 Nh5 17. Bg5 f6 18. Be3 f5 19. exf5 Bxf5 20. Rd2 Rd7 21. Kh1 Nf4
22. Rxd4 Rxd4 23. Bxd4 exd4 24. Ne2 Nxe2 25. Bxe2 Be6 26. Nd2 Rf8 27. Nf3 Bd5
28. Qd2 Qb6 29. Rb1 d3 30. Bxd3 Bxf3 31. gxf3 Rxf3 32. Kg2 1/2-1/2

[Event "Gibraltar Tradewise op-A"]
[Site "Gibraltar ENG"]
[Date "2015.01.31"]
[Round "5.11"]
[White "Spraggett, Kevin"]
[Black "Rapport, Richard"]
[Result "1/2-1/2"]
[WhiteElo "2538"]
[BlackElo "2716"]
[PlyCount "80"]
[EventDate "2015.01.27"]
[EventType "swiss"]
[EventRounds "10"]
[EventCountry "ENG"]
[Source "Chess Mix"]
[TimeControl "6600+1560"]

1. c4 e6 2. Nf3 f5 3. g3 Nf6 4. Bg2 Be7 5. O-O d5 6. b3 Nc6 7. d4 Ne4 8. Bb2 h5
9. Nc3 h4 10. Rc1 hxg3 11. hxg3 Bf6 12. e3 g5 13. Qe2 g4 14. Nd2 Ne7 15. Rfd1
Nxc3 16. Bxc3 Kf7 17. f4 gxf3 18. Nxf3 Bd7 19. Kf2 Bc6 20. Rh1 Qg8 21. Rxh8
Qxh8 22. Ba5 Rc8 23. Rh1 Qg7 24. Rh3 dxc4 25. bxc4 Be4 26. Ne1 Bxg2 27. Nxg2
Nc6 28. Bc3 Rh8 29. Rxh8 Qxh8 30. Qb2 b6 31. Qb5 Nb8 32. c5 Qe8 33. Qc4 Qc6 34.
Nf4 Nd7 35. Qe2 Qh1 36. Qc4 Qh2+ 37. Kf3 Qh1+ 38. Kf2 Qc6 39. Qe2 Qh1 40. Qc4
Qc6 1/2-1/2

[Event "Gibraltar Tradewise op-A"]
[Site "Gibraltar ENG"]
[Date "2015.02.03"]
[Round "8.9"]
[White "Spraggett, Kevin"]
[Black "Matlakov, Maksim"]
[Result "1/2-1/2"]
[WhiteElo "2538"]
[BlackElo "2695"]
[PlyCount "171"]
[EventDate "2015.01.27"]
[EventType "swiss"]
[EventRounds "10"]
[EventCountry "ENG"]
[Source "Chess Mix"]
[TimeControl "6600+2135"]

1. e4 c5 2. Nf3 e6 3. Nc3 Nc6 4. d4 cxd4 5. Nxd4 Qc7 6. f4 a6 7. Nxc6 bxc6 8.
Bd3 d5 9. O-O Nf6 10. Qe2 Be7 11. Kh1 Bb7 12. Bd2 c5 13. b3 h5 14. Rf3 h4 15.
Rh3 dxe4 16. Nxe4 Nxe4 17. Bxe4 Bxe4 18. Qxe4 Rd8 19. Bc3 O-O 20. f5 exf5 21.
Qxf5 Qc6 22. Re3 Rd5 23. Qf3 Bd8 24. Rd3 Rd6 25. Qxc6 Rxc6 26. Rad1 Bc7 27. Be1
c4 28. Rd4 cxb3 29. cxb3 Re8 30. Bxh4 Re2 31. Rc4 Rxc4 32. bxc4 Rxa2 33. Bg3
Bb6 34. h4 Rc2 35. Rb1 Bd4 36. Rb8+ Kh7 37. Ra8 Rc1+ 38. Kh2 Bg1+ 39. Kh3 Rc3
40. Kg4 Rxc4+ 41. Kf3 Rc3+ 42. Kf4 Bb6 43. Be1 Rc4+ 44. Kf3 a5 45. g4 a4 46. h5
f6 47. Bd2 Bc5 48. g5 fxg5 49. Bxg5 a3 50. Bf4 Rc3+ 51. Kg4 Rc2 52. Be5 Rg2+
53. Kf5 Rf2+ 54. Kg4 Rf7 55. Ra5 Bb4 56. Ra8 Rb7 57. Bd4 Rd7 58. Be3 Rd3 59.
Kf4 Be7 60. Ke4 Rd8 61. Ra7 Bf8 62. Bd4 Kh6 63. Bxg7+ Bxg7 64. Rxa3 Re8+ 65.
Kf3 Kxh5 66. Ra2 Kg6 67. Rg2+ Kf6 68. Re2 Ra8 69. Rc2 Kf5 70. Ke2 Ke4 71. Rd2
Bd4 72. Rc2 Rh8 73. Rd2 Bc3 74. Rc2 Rh3 75. Kf1 Bd4 76. Kg2 Rh8 77. Kf1 Be3 78.
Ke2 Rh1 79. Rc4+ Bd4 80. Rc2 Ra1 81. Rd2 Bc3 82. Rc2 Bd4 83. Kd2 Rh1 84. Ke2
Rh2+ 85. Kd1 Rxc2 86. Kxc2 1/2-1/2

[Event "Gibraltar Tradewise op-A"]
[Site "Gibraltar ENG"]
[Date "2015.02.04"]
[Round "9.15"]
[White "Sutovsky, Emil"]
[Black "Spraggett, Kevin"]
[Result "1-0"]
[WhiteElo "2637"]
[BlackElo "2538"]
[PlyCount "66"]
[EventDate "2015.01.27"]
[EventType "swiss"]
[EventRounds "10"]
[EventCountry "ENG"]
[Source "Chess Mix"]
[TimeControl "6600+1380"]

1. e4 d5 2. exd5 Qxd5 3. Nc3 Qd6 4. d4 Nf6 5. Nf3 g6 6. Nb5 Qb6 7. Na3 c6 8.
Nc4 Qd8 9. Nce5 Bg7 10. Bc4 O-O 11. O-O Nd5 12. Re1 a5 13. a3 Na6 14. Ba2 Nac7
15. c4 Nf6 16. h3 Bf5 17. Be3 Nd7 18. Qb3 Nxe5 19. dxe5 Qc8 20. Bb6 Ra6 21.
Rad1 Ne6 22. c5 Nf4 23. Ng5 Nd5 24. Rxd5 cxd5 25. Qxd5 e6 26. Qd6 Re8 27. g4
Bc2 28. Qd2 h6 29. Nxf7 Kxf7 30. Qxc2 Rxb6 31. Bb1 Rc6 32. Qxg6+ Kg8 33. Re3
Rxc5 1-0

[Event "Lisbon Christmas op"]
[Site "Lisbon POR"]
[Date "2014.12.26"]
[Round "1"]
[White "Santos, Antonio Pereira"]
[Black "Spraggett, Kevin"]
[Result "0-1"]
[WhiteElo "2265"]
[BlackElo "2561"]
[PlyCount "108"]
[EventDate "2014.12.26"]
[EventType "swiss"]
[EventRounds "9"]
[EventCountry "POR"]
[Source "Chessbase"]
[SourceDate "2015.01.01"]

1. d4 Nf6 2. c4 e6 3. Nf3 c5 4. d5 exd5 5. cxd5 d6 6. Nc3 g6 7. e4 Bg7 8. Be2
O-O 9. O-O Re8 10. Nd2 Nbd7 11. Qc2 a6 12. a4 Ne5 13. Ra3 g5 14. Nf3 Nxf3+ 15.
Bxf3 h6 16. g3 Rb8 17. a5 g4 18. Bg2 Nd7 19. Ne2 b5 20. Nf4 Nf6 21. Re3 Qxa5
22. b3 Rb7 23. Bb2 Rbe7 24. Bxf6 Bxf6 25. Nh5 Bh8 26. Qc1 Re5 27. Nf4 Rg5 28.
h4 gxh3 29. Nxh3 Bxh3 30. Bxh3 Bd4 31. Rf3 Rxe4 32. Kg2 Qd8 33. Bf5 Re8 34. Rh1
Bg7 35. Qf4 Re5 36. Bd3 f5 37. Re3 Qa8 38. Be2 Qxd5+ 39. Bf3 Qd4 40. Qxd4 cxd4
41. Rd3 Rc5 42. Ra1 Rc3 43. Rd2 f4 44. Rxa6 fxg3 45. fxg3 Be5 46. g4 h5 47. Ra7
Bg7 48. Rd7 hxg4 49. Be2 Rxb3 50. Rxd6 Be5 51. Rd8+ Kf7 52. Bd3 Rh5 53. Kg1 Ke7
54. Rg8 Bf4 0-1

[Event "Lisbon Christmas op"]
[Site "Lisbon POR"]
[Date "2014.12.27"]
[Round "2.3"]
[White "Spraggett, Kevin"]
[Black "Rivera, Dan"]
[Result "1-0"]
[WhiteElo "2561"]
[BlackElo "2345"]
[PlyCount "117"]
[EventDate "2014.12.26"]
[EventType "swiss"]
[EventRounds "9"]
[EventCountry "POR"]
[Source "Mark Crowther"]
[SourceDate "2014.12.29"]

1. d4 e6 2. e4 d5 3. exd5 exd5 4. Nf3 Bd6 5. Bd3 Nc6 6. O-O Bg4 7. Re1+ Nge7 8.
c3 Qd7 9. Nbd2 O-O-O 10. b4 Ng6 11. Qa4 Kb8 12. b5 Nce7 13. Ne5 Bxe5 14. dxe5
Bf5 15. Bf1 d4 16. cxd4 Qxd4 17. Qxd4 Rxd4 18. Nf3 Rd7 19. Bb2 Nf4 20. Nd4 Bg6
21. e6 fxe6 22. Nxe6 Nxe6 23. Rxe6 Nf5 24. Ree1 Rhd8 25. Be5 Nd4 26. Rac1 Nc2
27. Re2 Nb4 28. Bg3 Bd3 29. Rd2 b6 30. Bxd3 Nxd3 31. Rxd3 Rxd3 32. Bxc7+ Kb7
33. Bxd8 Rxd8 34. Re1 Rd7 35. g3 Kc7 36. Kg2 Kd8 37. Re4 Rd5 38. Ra4 Rd7 39.
Kf3 Ke7 40. Ke4 Kf6 41. f4 h5 42. Rc4 Re7+ 43. Kf3 Rd7 44. Ke3 Kf5 45. h3 g6
46. a4 g5 47. Re4 gxf4+ 48. Rxf4+ Kg5 49. h4+ Kg6 50. g4 hxg4 51. Rxg4+ Kf6 52.
Rd4 Rc7 53. h5 Rc5 54. Rd6+ Ke7 55. Rh6 Rg5 56. Rh8 a6 57. bxa6 Ra5 58. a7 Kf7
59. Ke4 1-0

[Event "Lisbon Christmas op"]
[Site "Lisbon POR"]
[Date "2014.12.27"]
[Round "3"]
[White "Damaso, Rui"]
[Black "Spraggett, Kevin"]
[Result "1/2-1/2"]
[WhiteElo "2425"]
[BlackElo "2561"]
[PlyCount "24"]
[EventDate "2014.12.26"]
[EventType "swiss"]
[EventRounds "9"]
[EventCountry "POR"]
[Source "Chessbase"]
[SourceDate "2015.01.01"]

1. e4 d5 2. exd5 Qxd5 3. Nf3 Bg4 4. Nc3 Qe6+ 5. Be2 Bxf3 6. gxf3 Nf6 7. d4 c6
8. Qd3 g6 9. Bd2 Bg7 10. h4 Nbd7 11. Ne4 Nh5 12. Ng5 Qd5 1/2-1/2

[Event "Lisbon Christmas op"]
[Site "Lisbon POR"]
[Date "2014.12.28"]
[Round "4"]
[White "Spraggett, Kevin"]
[Black "Shkapenko, Pavel"]
[Result "1/2-1/2"]
[WhiteElo "2561"]
[BlackElo "2418"]
[PlyCount "75"]
[EventDate "2014.12.26"]
[EventType "swiss"]
[EventRounds "9"]
[EventCountry "POR"]
[Source "Chessbase"]
[SourceDate "2015.01.01"]

1. d4 Nf6 2. Nf3 e6 3. c4 Bb4+ 4. Nbd2 O-O 5. e3 b6 6. Bd3 Bb7 7. O-O d5 8. a3
Be7 9. b3 Nbd7 10. Bb2 Ne4 11. cxd5 exd5 12. Qc2 Nxd2 13. Qxd2 c5 14. Rfd1 Rc8
15. Rac1 Bf6 16. Rc2 Qe7 17. Rdc1 g6 18. Bb5 Rfd8 19. a4 Nf8 20. Ba3 Ne6 21. h3
Rc7 22. Bf1 Rdc8 23. a5 Qd8 24. a6 Ba8 25. Bb2 Qe7 26. Qd1 Bg7 27. h4 Bf6 28.
g3 Ng7 29. Bh3 Ne6 30. Ba3 Qd6 31. Bf1 Qd8 32. Bb2 Kg7 33. Nh2 h5 34. Nf3 Qd7
35. Be2 Qd8 36. Bf1 Qd7 37. Be2 Qd8 38. Bf1 1/2-1/2

[Event "Lisbon Christmas op"]
[Site "Lisbon POR"]
[Date "2014.12.28"]
[Round "5"]
[White "Viterbo Ferreira, Jorge Joao"]
[Black "Spraggett, Kevin"]
[Result "1/2-1/2"]
[WhiteElo "2413"]
[BlackElo "2561"]
[PlyCount "70"]
[EventDate "2014.12.26"]
[EventType "swiss"]
[EventRounds "9"]
[EventCountry "POR"]
[Source "Chessbase"]
[SourceDate "2015.01.01"]

1. d4 Nf6 2. c4 g6 3. Nf3 Bg7 4. g3 O-O 5. Bg2 d5 6. cxd5 Nxd5 7. Nc3 Nb6 8.
O-O Nc6 9. e3 Re8 10. Re1 a5 11. Qe2 a4 12. Rd1 Bd7 13. d5 Na5 14. Nd4 Qc8 15.
Rb1 Bg4 16. f3 Bd7 17. e4 c6 18. dxc6 bxc6 19. Be3 Nac4 20. Bf2 c5 21. Nc2 Be6
22. Ne3 a3 23. b3 Nb2 24. Rdc1 c4 25. bxc4 Qa6 26. Ned5 N6xc4 27. Nc7 Qa5 28.
Nxa8 Bxc3 29. Nc7 Qxc7 30. Rxc3 Qa5 31. Rbc1 Nd6 32. Bc5 Nb5 33. Rxa3 Nxa3 34.
Qxb2 Nc4 35. Qf2 Ne5 1/2-1/2

[Event "Lisbon Christmas op"]
[Site "Lisbon POR"]
[Date "2014.12.29"]
[Round "6"]
[White "Spraggett, Kevin"]
[Black "Cruz, Jorge Filipe Egas"]
[Result "1/2-1/2"]
[WhiteElo "2561"]
[BlackElo "2040"]
[PlyCount "106"]
[EventDate "2014.12.26"]
[EventType "swiss"]
[EventRounds "9"]
[EventCountry "POR"]
[Source "Chessbase"]
[SourceDate "2015.01.01"]

1. d4 d5 2. c4 e6 3. Nf3 Nf6 4. Nc3 Nbd7 5. e3 Be7 6. Bd3 O-O 7. O-O dxc4 8.
Bxc4 c5 9. Qe2 b6 10. Rd1 Qc7 11. b3 Bb7 12. Bb2 Rfd8 13. Rac1 Rac8 14. h3 Qb8
15. a3 Qa8 16. dxc5 Bxf3 17. Qxf3 Qxf3 18. gxf3 Nxc5 19. b4 Rxd1+ 20. Nxd1 Ncd7
21. Bb5 Rxc1 22. Bxc1 a5 23. bxa5 bxa5 24. Nc3 Nb6 25. Kf1 Nfd5 26. Nxd5 Nxd5
27. a4 Kf8 28. e4 Nc3 29. Bc6 Bb4 30. Bf4 Ke7 31. Bc7 f5 32. Be5 g6 33. Bc7 Kf7
34. Bd8 Kf8 35. h4 h5 36. exf5 exf5 37. Bd7 Kf7 38. Bc6 Kf8 39. Bc7 Ke7 40. f4
Ne4 41. Ke2 Nc5 42. Ke3 Ne6 43. Bb6 Be1 44. Bd5 Kd6 45. Bc4 Bb4 46. Ba7 Ke7 47.
Bb8 Bc5+ 48. Kf3 Nd4+ 49. Kg3 Nc6 50. Bc7 Kd7 51. Be5 Nxe5 52. fxe5 Ke8 53. f4
Be7 1/2-1/2

[Event "Lisbon Christmas op"]
[Site "Lisbon POR"]
[Date "2014.12.29"]
[Round "7"]
[White "Pintor, Ariana"]
[Black "Spraggett, Kevin"]
[Result "0-1"]
[WhiteElo "2006"]
[BlackElo "2561"]
[PlyCount "74"]
[EventDate "2014.12.26"]
[EventType "swiss"]
[EventRounds "9"]
[EventCountry "POR"]
[Source "Chessbase"]
[SourceDate "2015.01.01"]

1. e4 c5 2. Nf3 e6 3. Nc3 a6 4. d4 cxd4 5. Nxd4 d6 6. g3 Nf6 7. Bg2 Be7 8. O-O
Qc7 9. f4 Nc6 10. Nb3 O-O 11. a4 b6 12. g4 Nd7 13. Be3 Rb8 14. Qe2 Re8 15. g5
Bf8 16. Rf3 g6 17. Rd1 Bb7 18. Qf2 Nb4 19. f5 Ne5 20. Rh3 Ba8 21. Qh4 h6 22.
gxh6 Kh7 23. fxe6 Nxc2 24. Rc1 Nxe3 25. Rxe3 Rxe6 26. Nd5 Qd8 27. Qf4 Bxd5 28.
exd5 Rf6 29. Qe4 Rc8 30. Rcc3 Rxc3 31. Rxc3 b5 32. axb5 axb5 33. Nd4 Qa5 34.
Ra3 Qd2 35. Nf3 Qc1+ 36. Bf1 Bxh6 37. Rb3 Qd1 0-1

[Event "Lisbon Christmas op"]
[Site "Lisbon POR"]
[Date "2014.12.30"]
[Round "8.5"]
[White "Spraggett, Kevin"]
[Black "Suarez Gomez, Julio"]
[Result "1-0"]
[WhiteElo "2561"]
[BlackElo "2368"]
[PlyCount "81"]
[EventDate "2014.12.26"]
[EventType "swiss"]
[EventRounds "9"]
[EventCountry "POR"]
[Source "Mark Crowther"]
[SourceDate "2015.01.04"]

1. c4 e6 2. g3 d5 3. Nf3 dxc4 4. Qa4+ Nd7 5. Qxc4 a6 6. Bg2 b5 7. Qc2 Bb7 8.
O-O c5 9. d3 Ngf6 10. a4 Be7 11. Nc3 Qb6 12. axb5 axb5 13. Rxa8+ Bxa8 14. b3
O-O 15. Bb2 Rc8 16. Nd2 Bxg2 17. Kxg2 Nd5 18. Nxd5 exd5 19. Nf3 Bf6 20. Ra1 h6
21. Bxf6 Nxf6 22. b4 c4 23. e3 Qd6 24. Qc3 Rb8 25. Nd4 cxd3 26. Qxd3 Rc8 27.
Qxb5 Rb8 28. Qc5 Qd7 29. Ra7 Qg4 30. Qe7 Qg6 31. b5 Re8 32. Qb4 Qe4+ 33. Kg1
Ng4 34. Qb3 Rc8 35. Ra1 Rc4 36. b6 Nxf2 37. Kxf2 Rxd4 38. exd4 Qxd4+ 39. Kg2
Qe4+ 40. Qf3 Qc2+ 41. Kh1 1-0